Sobre la aproximación a la verdad en la sociedad contemporánea = On the approach to the truth in contemporary society /

El propósito de este ensayo es emprender una reflexión sobre prioridades de trabajo colectivo para aproximarnos a la verdad en la sociedad contemporánea. Así, el autor pretende discutir acerca del significado de la verdad, su alcance y perspectivas de construcción en contextos propios de la vida cot...

Olles dieđut

Furkejuvvon:
Bibliográfalaš dieđut
Váldodahkki: Medina Sanson, Leopoldo
Materiálatiipa: Texto
Fáttát:
Fáddágilkorat: Lasit fáddágilkoriid
Eai fáddágilkorat, Lasit vuosttaš fáddágilkora!

MARC

LEADER 00000 a a2200000 04500
001 44449
003
040
100 |a Medina Sanson, Leopoldo  
245 |a Sobre la aproximación a la verdad en la sociedad contemporánea =   |b On the approach to the truth in contemporary society /  |c Leopoldo Medina Sanson  
500 |a medina@colpos.mx  
520 |a El propósito de este ensayo es emprender una reflexión sobre prioridades de trabajo colectivo para aproximarnos a la verdad en la sociedad contemporánea. Así, el autor pretende discutir acerca del significado de la verdad, su alcance y perspectivas de construcción en contextos propios de la vida cotidiana de los ciudadanos.  
590 |a RRH/ABRIL2013  
650 |a SOCIOLOGIA  
650 |a COGNITIVISMO  
650 |a EPISTEMOLOGIA  
650 |a CIENCIA  
650 |a RELIGION  
650 |a CONOCIMIENTO  
773 |g volumen91, número2 (2012), páginas 91-106  
999 |c 24887  |d 24887